Virgenes de Sevilla - Estadísticas

Estadísticas generales
  • Esta prueba ha sido intentada 955 veces
    81 desde el último reinicio
  • La puntuación promedio es 38 de 75
Estadísticas de respuestas
Imagen Respuesta % Correcto
La Macarena
91%
San Pablo
87%
El Museo
80%
El Cachorro
78%
El Sol
78%
Esperanza de Triana
78%
La Paz
78%
La Mortaja
74%
El Dulce Nombre
72%
Jesús Despojado
72%
Vera Cruz
72%
La Estrella
67%
San Gonzalo
67%
Santa Genoveva
67%
La Amargura
65%
Los Negritos
65%
La Sed
63%
La Soledad de San Buenaventura
63%
San Benito
63%
Santa Marta
63%
El Silencio
61%
La Redención
61%
La Soledad de San Lorenzo
61%
Montesión
61%
Los Estudiantes
59%
Los Gitanos
59%
El Cerro
57%
El Cristo de Burgos
57%
La Hiniesta
57%
La Resurrección
57%
Las Penas
57%
Las Cigarreras
54%
Pasión
54%
El Carmen Doloroso
52%
El Valle
52%
La O
52%
San Esteban
52%
San Roque
52%
El Gran Poder
50%
La Candelaria
50%
La Carretería
50%
Los Panaderos
50%
El Baratillo
48%
Los Servitas
48%
Pino Montano
48%
La Quinta Angustia
46%
San Bernardo
46%
San Isidoro
46%
El Calvario
43%
Las Aguas
43%
El Santo Entierro
41%
La Cena
41%
La Lanzada
41%
Montserrat
41%
El Amor
39%
El Buen Fin
39%
Las Siete Palabras
39%
La Exaltación
37%
La Trinidad
37%
Padre Pío
37%
San José Obrero
37%
La Milagrosa
35%
Santa Cruz
35%
La Misión
28%
Los Javieres
28%
Torreblanca
28%
Bellavista
26%
Bendición y Esperanza
26%
Pasión y Muerte
22%
Divino Perdón
20%
Paz y Misericordia
20%
El Santo Ángel
17%
Las Maravillas
17%
San Jerónimo
13%
La Espiga
11%
No se encontraron pruebas coincidentes
Distribución de puntuación
Porcentaje de gente con cada puntuación
Porcentaje por número respondido
Historial de tus puntuaciones
No has intentado esta prueba desde el último reinicio